| 000 | 00496cam a2200193ua 4500 | ||
|---|---|---|---|
| 001 | 1234 | ||
| 008 | 110621n ii |||gr||||Z||||||eng | ||
| 020 | _a81-7014-688-7 | ||
| 040 | _cMAIN | ||
| 082 | _a338.542 | ||
| 100 | _aAdhikary, M., | ||
| 245 | 1 | 0 |
_aEconomic enviorment of business. _cBy M Adhikary. |
| 250 | _a8th. | ||
| 260 |
_aNew: _bSultan chand & sons., _c2000. |
||
| 300 |
_axii, 717 p.: _c20 cm. |
||
| 653 | _aEconomics. | ||
| 653 | _aEconomics enviorment of business. | ||
| 942 | _cBK | ||
| 999 |
_c1139 _d1139 |
||